[Event "Team match"]
[Site "http://gameknot.com/chess.pl?"]
[Date "2013.05.26"]
[Round "?"]
[White "fanami"]
[Black "iron_king"]
[Result "0-1"]
[WhiteElo "2211"]
[BlackElo "2235"]
[PlyCount "108"]
[EventDate "2013.??.??"]
[SourceTitle "OM Portal C 201906"]
[Source "Opening Master"]
[SourceDate "2019.06.27"]
[SourceVersion "1"]
[SourceVersionDate "2019.06.27"]
[SourceQuality "1"]

1. e4 e5 2. Nf3 Nc6 3. c3 d5 4. Qa4 Nf6 5. Nxe5 Bd6 6. Nxc6 bxc6 7. d3 O-O 8.
Be2 Re8 9. Bg5 Rb8 10. Qc2 h6 11. Bxf6 Qxf6 12. Nd2 Qg6 13. g3 Bh3 14. Bf1 Bxf1
15. Kxf1 dxe4 16. dxe4 h5 17. Kg2 h4 18. Rhe1 Qh5 19. Rab1 Rbd8 20. Rbd1 h3+
21. Kf1 a5 22. Rc1 a4 23. Re3 f5 24. Qxa4 Bxg3 25. Qc4+ Qf7 26. Qxf7+ Kxf7 27.
fxg3 Rxd2 28. Re2 Rxe2 29. Kxe2 Rxe4+ 30. Kf3 Ra4 31. a3 c5 32. Rd1 Ke6 33. Rd8
g5 34. Rg8 g4+ 35. Ke3 Re4+ 36. Kd2 Kf6 37. Rf8+ Kg5 38. Rf7 f4 39. Rg7+ Kf5
40. gxf4 Re6 41. a4 Kxf4 42. a5 Kf3 43. Kd3 Re3+ 44. Kc4 Re4+ 45. Kxc5 Re5+ 46.
Kc4 Rxa5 47. Rxc7 Ra4+ 48. Kb3 Rf4 49. Rd7 Kg2 50. Rd2+ Rf2 51. Rd4 g3 52. hxg3
h2 53. Rh4 Kxg3 54. Rh7 Rf4 0-1

[Event "Foment Martinenc op-A 15th"]
[Site "Barcelona"]
[Date "2013.05.25"]
[Round "6"]
[White "Sobrevia Castellar, Lluis"]
[Black "Gonzalez Muelas, Javier"]
[Result "1-0"]
[WhiteElo "1872"]
[BlackElo "1804"]
[PlyCount "67"]
[EventDate "2013.04.20"]
[EventType "swiss"]
[EventRounds "9"]
[EventCountry "ESP"]
[SourceTitle "CBM 154 Extra"]
[Source "ChessBase"]
[SourceDate "2013.06.25"]
[SourceVersion "2"]
[SourceVersionDate "2013.06.25"]
[SourceQuality "1"]

1. e4 e5 2. Nf3 Nc6 3. c3 Nf6 4. d3 Be7 5. Bg5 d6 6. Be2 d5 7. Qc2 Be6 8. O-O
O-O 9. Nbd2 Ne8 10. Bxe7 Qxe7 11. b4 a6 12. a4 Nd6 13. Qb2 dxe4 14. dxe4 f6 15.
c4 Rfd8 16. b5 Na5 17. c5 Ndc4 18. Nxc4 Nxc4 19. Qb4 a5 20. Qc3 Rd4 21. Nxd4
exd4 22. Qxd4 Rd8 23. Qc3 Nd2 24. Rfd1 Nxe4 25. Rxd8+ Qxd8 26. Qe3 Qd5 27. Rc1
f5 28. Bc4 Qe5 29. Bxe6+ Qxe6 30. f3 Qa2 31. fxe4 Qxa4 32. exf5 Qxb5 33. Rd1 h6
34. Qe6+ 1-0

[Event "Foment Martinenc op-B 15th"]
[Site "Barcelona"]
[Date "2013.05.25"]
[Round "6"]
[White "Aunes Cabanero, Jose"]
[Black "Romero, Freddy"]
[Result "1-0"]
[WhiteElo "1565"]
[BlackElo "1248"]
[PlyCount "55"]
[EventDate "2013.04.20"]
[EventType "swiss"]
[EventRounds "9"]
[EventCountry "ESP"]
[SourceTitle "CBM 154 Extra"]
[Source "ChessBase"]
[SourceDate "2013.06.25"]
[SourceVersion "2"]
[SourceVersionDate "2013.06.25"]
[SourceQuality "1"]

1. e4 e5 2. Nf3 Nc6 3. c3 Nf6 4. d4 Nxe4 5. d5 Ne7 6. Bd3 Nf6 7. Nxe5 d6 8. Nf3
Nexd5 9. O-O Be7 10. c4 Nb6 11. Re1 O-O 12. h3 d5 13. cxd5 Nbxd5 14. Bg5 Nb4
15. Ne5 Re8 16. Nc3 Bd6 17. Bxf6 Qxf6 18. Bc4 Be6 19. Bxe6 Rxe6 20. a3 Rd8 21.
Qb3 Na6 22. Nd5 Qf5 23. Nf3 c6 24. Ne3 Qf4 25. Rad1 Rg6 26. Nc4 Bc7 27. Rxd8+
Bxd8 28. Re8# 1-0

[Event "SA-2013-0-00347"]
[Site "Lechenicher SchachServer"]
[Date "2013.05.25"]
[Round "?"]
[White "Torell, Harald"]
[Black "Morcin, Tom"]
[Result "1/2-1/2"]
[WhiteElo "1937"]
[BlackElo "2098"]
[PlyCount "23"]
[EventDate "2013.04.28"]
[EventType "tourn"]
[EventRounds "6"]
[SourceTitle "OM Corr 202003"]
[Source "Opening Master"]
[SourceDate "2019.05.30"]
[SourceVersion "2"]
[SourceVersionDate "2019.05.30"]
[SourceQuality "1"]

1. e4 e5 2. Nf3 Nc6 3. c3 Nf6 4. d4 exd4 5. e5 Nd5 6. Qb3 Nb6 7. cxd4 d6 8. Bb5
Be6 9. Qc2 Qd7 10. O-O a6 11. Bxc6 Qxc6 12. Qxc6+ 1/2-1/2

[Event "GER-ch U12"]
[Site "Oberhof"]
[Date "2013.05.21"]
[Round "5"]
[White "Hofmann, Jana"]
[Black "Duan, Muxi"]
[Result "0-1"]
[WhiteElo "970"]
[BlackElo "929"]
[PlyCount "102"]
[EventDate "2013.05.19"]
[EventType "swiss"]
[EventRounds "11"]
[EventCountry "GER"]
[SourceTitle "CBM 154 Extra"]
[Source "ChessBase"]
[SourceDate "2013.06.25"]
[SourceVersion "2"]
[SourceVersionDate "2013.06.25"]
[SourceQuality "1"]

1. e4 e5 2. Nf3 Nc6 3. c3 Nf6 4. d3 d6 5. Be3 Be6 6. d4 Nxe4 7. d5 Bd7 8. dxc6
Bxc6 9. Bd3 f5 10. O-O Be7 11. h3 O-O 12. Nh2 f4 13. Bd2 d5 14. Qh5 Qd6 15. Nf3
Bf6 16. c4 g6 17. Qg4 Bd7 18. c5 Qe7 19. Bxe4 Bxg4 20. Bxd5+ Be6 21. Nc3 c6 22.
Bxe6+ Qxe6 23. Ne4 Be7 24. Nfg5 Bxg5 25. Nxg5 Qc4 26. Rfc1 Qd5 27. Re1 Qxd2 28.
Ne6 Rf7 29. Rad1 Qxb2 30. Nd8 Rf8 31. Ne6 Rf7 32. Rd6 h6 33. Red1 Qxa2 34. Rd8+
Rxd8 35. Rxd8+ Kh7 36. Nf8+ Kg7 37. Nd7 Qd5 38. Kh2 Rxd7 39. Rxd7+ Qxd7 40. f3
a5 41. g4 fxg3+ 42. Kxg3 a4 43. h4 a3 44. f4 exf4+ 45. Kxf4 a2 46. Kg3 a1=Q 47.
Kf3 Qf5+ 48. Ke3 Qc3+ 49. Ke2 Qe4+ 50. Kf2 Qcf3+ 51. Kg1 Qg2# 0-1

[Event "Maastricht Limburg op-A 7th"]
[Site "Maastricht"]
[Date "2013.05.20"]
[Round "6"]
[White "Broekmeulen, Joris"]
[Black "Majhi, Ankit"]
[Result "1/2-1/2"]
[WhiteElo "2019"]
[BlackElo "2078"]
[PlyCount "60"]
[EventDate "2013.05.17"]
[EventType "swiss"]
[EventRounds "7"]
[EventCountry "NED"]
[SourceTitle "EXT 2014"]
[Source "ChessBase"]
[SourceDate "2013.11.20"]
[SourceVersion "1"]
[SourceVersionDate "2013.11.20"]
[SourceQuality "1"]

1. e4 e5 2. Nf3 Nc6 3. c3 d5 4. Qa4 Bd7 5. exd5 Nd4 6. Qd1 Nxf3+ 7. Qxf3 Nf6 8.
Bc4 e4 9. Qe2 Bd6 10. d3 O-O 11. dxe4 Nxe4 12. O-O Re8 13. Be3 Bxh2+ 14. Kxh2
Qh4+ 15. Kg1 Re5 16. Nd2 Nxd2 17. Qxd2 Qxc4 18. Rfd1 Qh4 19. Qd4 Re4 20. Qc5
Rc4 21. Qa5 b6 22. Qa6 Re8 23. Rd4 Rxd4 24. Bxd4 c5 25. Be3 Bf5 26. Rd1 Qg4 27.
Rd2 h5 28. Qe2 Qg6 29. d6 Rd8 30. Bf4 Qe6 1/2-1/2

[Event "AUT-ch U14 Girls"]
[Site "Linz"]
[Date "2013.05.20"]
[Round "5"]
[White "Azad, Mitra"]
[Black "Halwachs, Juliane"]
[Result "1-0"]
[WhiteElo "1325"]
[BlackElo "1315"]
[PlyCount "87"]
[EventDate "2013.05.18"]
[EventType "swiss"]
[EventRounds "7"]
[EventCountry "AUT"]
[SourceTitle "EXT 2015"]
[Source "ChessBase"]
[SourceDate "2014.11.20"]
[SourceVersion "1"]
[SourceVersionDate "2014.11.20"]
[SourceQuality "1"]

1. e4 e5 2. Nf3 Nc6 3. c3 Nf6 4. d4 exd4 5. e5 Ng8 6. cxd4 Bb4+ 7. Nc3 d6 8.
Bf4 Bg4 9. Be2 Nge7 10. O-O O-O 11. Ng5 Bxe2 12. Qxe2 Ng6 13. Qe4 h6 14. Nf3
Re8 15. a3 Bxc3 16. bxc3 d5 17. Qe3 Re6 18. Rab1 Rb8 19. h3 Nh4 20. a4 Nxf3+
21. Qxf3 Rg6 22. Bg3 Na5 23. Rfe1 Nc4 24. Re2 Qe7 25. Qxd5 Nb6 26. Qf3 c6 27.
e6 Rf8 28. exf7+ Qxf7 29. Qxf7+ Kxf7 30. a5 Nd5 31. Rxb7+ Kg8 32. c4 Nf6 33.
Rxa7 Rd8 34. Be5 Nd7 35. a6 Nf8 36. Re7 Ne6 37. a7 Nf8 38. Rb7 Nd7 39. Rxd7 Rf8
40. Rb7 Re6 41. Rb8 Ree8 42. a8=R Rxb8 43. Rxb8 Rxb8 44. Bxb8 1-0

[Event "GER-ch U12"]
[Site "Oberhof"]
[Date "2013.05.20"]
[Round "4"]
[White "Schmidt, Sarah"]
[Black "Heldt, Nils Lennart"]
[Result "0-1"]
[WhiteElo "1194"]
[BlackElo "1499"]
[PlyCount "102"]
[EventDate "2013.05.19"]
[EventType "swiss"]
[EventRounds "11"]
[EventCountry "GER"]
[SourceTitle "CBM 154 Extra"]
[Source "ChessBase"]
[SourceDate "2013.06.25"]
[SourceVersion "2"]
[SourceVersionDate "2013.06.25"]
[SourceQuality "1"]

1. e4 e5 2. Nf3 Nc6 3. c3 Nf6 4. d4 exd4 5. e5 Nd5 6. cxd4 Bb4+ 7. Bd2 Bxd2+ 8.
Nbxd2 O-O 9. Be2 d6 10. h3 dxe5 11. Nxe5 Nxe5 12. dxe5 Nf4 13. Bf3 Qd4 14. g3
Qxe5+ 15. Be2 Nxe2 16. Qxe2 Qxb2 17. Nb3 Qc3+ 18. Qd2 Re8+ 19. Kf1 Qc4+ 20. Kg1
Qe2 21. Qd4 Bf5 22. Qd2 Qxd2 23. Nxd2 Re2 24. Nb3 Rae8 25. Kf1 Bd3 26. Kg1 Re1+
27. Rxe1 Rxe1+ 28. Kh2 Rxh1+ 29. Kxh1 Bc4 30. Nc1 Kf8 31. Kg2 Ke7 32. Kf3 Ke6
33. Ke4 c5 34. f4 b5 35. g4 b4 36. f5+ Kd6 37. Nb3 Bd5+ 38. Kd3 c4+ 39. Kc2
cxb3+ 40. axb3 Ke5 41. h4 f6 42. h5 h6 43. Kb2 Kd4 44. Kc2 a5 45. Kb2 Kd3 46.
Ka2 Kc3 47. Kb1 Kd2 48. Kb2 Be4 49. Ka1 Kc2 50. Ka2 Bd5 51. Ka1 a4 0-1

[Event "GER-ch U25 op-A"]
[Site "Oberhof"]
[Date "2013.05.20"]
[Round "3"]
[White "Massloch, Philipp"]
[Black "Alcer, Fabian"]
[Result "0-1"]
[WhiteElo "1649"]
[BlackElo "1732"]
[PlyCount "28"]
[EventDate "2013.05.19"]
[EventType "swiss"]
[EventRounds "9"]
[EventCountry "GER"]
[SourceTitle "CBM 154 Extra"]
[Source "ChessBase"]
[SourceDate "2013.06.25"]
[SourceVersion "2"]
[SourceVersionDate "2013.06.25"]
[SourceQuality "1"]

1. e4 e5 2. Nf3 Nc6 3. c3 d5 4. Qa4 dxe4 5. Nxe5 Qd5 6. Nxc6 bxc6 7. Bc4 Qd6 8.
Qb3 Qg6 9. O-O Bd6 10. g3 Nf6 11. Be2 O-O 12. Qc4 Bh3 13. Re1 Qf5 14. Na3 Bc5
0-1

[Event "Madrid San Viator op 20th"]
[Site "Madrid"]
[Date "2013.05.19"]
[Round "6"]
[White "Arias Martinez, Ivan"]
[Black "Garcia Lopez, Fernando"]
[Result "1-0"]
[WhiteElo "1766"]
[BlackElo "1653"]
[PlyCount "125"]
[EventDate "2013.04.07"]
[EventType "swiss"]
[EventRounds "9"]
[EventCountry "ESP"]
[SourceTitle "EXT 2014"]
[Source "ChessBase"]
[SourceDate "2013.11.20"]
[SourceVersion "1"]
[SourceVersionDate "2013.11.20"]
[SourceQuality "1"]

1. e4 e5 2. Nf3 Nc6 3. c3 d6 4. d4 exd4 5. cxd4 Nf6 6. Nc3 Be7 7. Bc4 O-O 8.
O-O Na5 9. Bd3 Bg4 10. h3 Bh5 11. Be2 Nc6 12. Be3 a6 13. Nd2 Bg6 14. f4 h6 15.
f5 Bh7 16. a3 Nd7 17. Bc4 Bg5 18. Qe2 Bxe3+ 19. Qxe3 Re8 20. Rf3 Ne7 21. Rg3
Nxf5 22. Bxf7+ Kxf7 23. Qf3 Qf6 24. Nd5 Qxd4+ 25. Kh1 Qxd5 26. exd5 Re3 27.
Qxe3 Nxe3 28. Rxe3 Nf6 29. Rf1 Kg8 30. Rfe1 Nxd5 31. Re8+ Rxe8 32. Rxe8+ Kf7
33. Rb8 b6 34. Rb7 Bd3 35. Kg1 Bb5 36. Ne4 Ke6 37. Nc3 Nxc3 38. bxc3 Kd7 39.
Rb8 g6 40. Rg8 Bd3 41. g4 c6 42. Rg7+ Ke6 43. Rb7 b5 44. Ra7 Kd5 45. Rxa6 Be4
46. a4 Kc5 47. axb5 Kxb5 48. Ra8 d5 49. Kf2 Kc4 50. Ra3 c5 51. Ke3 Bg2 52. h4
Bh3 53. g5 hxg5 54. hxg5 Bf5 55. Kd2 Kb5 56. Ke3 c4 57. Kd4 Be4 58. Ra1 Kc6 59.
Ra6+ Kb5 60. Re6 Ka4 61. Rxe4 dxe4 62. Kxe4 Kb3 63. Kd4 1-0

[Event "Maastricht Limburg op-B 7th"]
[Site "Maastricht"]
[Date "2013.05.19"]
[Round "4"]
[White "Schueller, Tobias"]
[Black "Dorr, Yannick"]
[Result "1-0"]
[WhiteElo "1919"]
[BlackElo "1887"]
[PlyCount "131"]
[EventDate "2013.05.17"]
[EventType "swiss"]
[EventRounds "7"]
[EventCountry "NED"]
[SourceTitle "EXT 2014"]
[Source "ChessBase"]
[SourceDate "2013.11.20"]
[SourceVersion "1"]
[SourceVersionDate "2013.11.20"]
[SourceQuality "1"]

1. e4 e5 2. Nf3 Nc6 3. c3 Nf6 4. d4 exd4 5. e5 Nd5 6. Qb3 Nb6 7. cxd4 d5 8. Be3
a6 9. Nbd2 Bf5 10. Rc1 Be7 11. Be2 O-O 12. O-O Kh8 13. Rfd1 h6 14. Nf1 Qd7 15.
Ng3 Bg6 16. Bd3 Bxd3 17. Qxd3 Nc4 18. Qe2 Rae8 19. b3 Nb6 20. Qd2 Bb4 21. Qc2
f6 22. exf6 Rxf6 23. Ne1 Bxe1 24. Rxe1 Qf7 25. Red1 Nc8 26. Qe2 Nd6 27. Qh5
Qxh5 28. Nxh5 Rfe6 29. Nf4 Re4 30. Nxd5 Nb5 31. Kf1 Rd8 32. Nc3 Nxc3 33. Rxc3
Rd5 34. Rc5 Rxc5 35. dxc5 Re7 36. a3 Kg8 37. b4 Kf7 38. Ke2 Ke8 39. Kf1 Kf7 40.
Bf4 Ke8 41. Re1 Kd7 42. Rxe7+ Nxe7 43. Ke2 c6 44. Kd3 Ke6 45. Ke4 Nd5 46. Be5
g6 47. Bd4 Ne7 48. g4 Nd5 49. f4 Ne7 50. h3 h5 51. Ba1 hxg4 52. hxg4 Nd5 53.
f5+ gxf5+ 54. gxf5+ Ke7 55. Bd4 Nc7 56. Ke5 Nd5 57. Ke4 Nc7 58. Kf4 Nd5+ 59.
Ke5 Nf6 60. Be3 Ng4+ 61. Kf4 Nh6 62. Kg5 Nf7+ 63. Kg6 Ne5+ 64. Kg7 Nf7 65. Bf4
Nd8 66. Bg5+ 1-0

[Event "AUT-ch U14"]
[Site "Linz"]
[Date "2013.05.19"]
[Round "4"]
[White "Dragnev, Valentin"]
[Black "Schwab, Lukas"]
[Result "1/2-1/2"]
[WhiteElo "1912"]
[BlackElo "1824"]
[PlyCount "24"]
[EventDate "2013.05.18"]
[EventType "swiss"]
[EventRounds "7"]
[EventCountry "AUT"]
[SourceTitle "EXT 2015"]
[Source "ChessBase"]
[SourceDate "2014.11.20"]
[SourceVersion "1"]
[SourceVersionDate "2014.11.20"]
[SourceQuality "1"]

1. e4 e5 2. Nf3 Nc6 3. c3 d5 4. Qa4 Qd6 5. Bb5 Bd7 6. exd5 Qxd5 7. O-O Be7 8.
Re1 Nf6 9. Bc4 Qd6 10. Bb5 Qd5 11. Bc4 Qd6 12. Bb5 Qd5 1/2-1/2

[Event "Llinars del Valles op-B 7th"]
[Site "Llinars del Valles"]
[Date "2013.05.18"]
[Round "5"]
[White "Martinez Perez, Sergio"]
[Black "Martin Perez, Pau"]
[Result "1-0"]
[WhiteElo "1382"]
[BlackElo "1566"]
[PlyCount "113"]
[EventDate "2013.04.13"]
[EventType "swiss"]
[EventRounds "7"]
[EventCountry "ESP"]
[SourceTitle "CBM 154 Extra"]
[Source "ChessBase"]
[SourceDate "2013.06.25"]
[SourceVersion "2"]
[SourceVersionDate "2013.06.25"]
[SourceQuality "1"]

1. e4 e5 2. Nf3 Nc6 3. c3 Nf6 4. d4 exd4 5. e5 Qe7 6. cxd4 d6 7. Bb5 Bd7 8. O-O
dxe5 9. Nxe5 Nxe5 10. Re1 O-O-O 11. Rxe5 Qd6 12. Be3 Bxb5 13. Rxb5 a6 14. Rb3
h5 15. Qf3 Qd5 16. Qxd5 Nxd5 17. Nc3 Nxe3 18. fxe3 f5 19. Rf1 g6 20. Ne2 Bh6
21. Rc3 Rhe8 22. Nf4 Bxf4 23. Rxf4 Re4 24. Rxe4 fxe4 25. Kf2 Rd5 26. Rc5 c6 27.
Kg3 Kd7 28. Kf4 Ke6 29. Kxe4 g5 30. h3 a5 31. a4 Rxc5 32. dxc5 Kf6 33. g4 hxg4
34. hxg4 Ke6 35. Kd4 Kf6 36. e4 Ke6 37. e5 Ke7 38. Ke4 Ke6 39. b3 Ke7 40. Kf5
Kf7 41. Kxg5 Ke6 42. Kh6 Kxe5 43. g5 Kd5 44. g6 Kxc5 45. g7 Kb4 46. g8=Q b5 47.
Qa8 Kxb3 48. axb5 cxb5 49. Qxa5 b4 50. Qa1 Kc2 51. Qa2+ Kc3 52. Qb1 b3 53. Qc1+
Kb4 54. Qb2 Kc4 55. Kg5 Kb4 56. Kf4 Kc5 57. Qxb3 1-0

[Event "Llinars del Valles op-A 7th"]
[Site "Llinars del Valles"]
[Date "2013.05.18"]
[Round "5"]
[White "Campos Cayuelas, Marc"]
[Black "Garcia Cano, Antonio"]
[Result "1-0"]
[WhiteElo "2096"]
[BlackElo "2259"]
[PlyCount "69"]
[EventDate "2013.04.13"]
[EventType "swiss"]
[EventRounds "7"]
[EventCountry "ESP"]
[SourceTitle "EXT 2014"]
[Source "ChessBase"]
[SourceDate "2013.11.20"]
[SourceVersion "1"]
[SourceVersionDate "2013.11.20"]
[SourceQuality "1"]

1. e4 e5 2. Nf3 Nc6 3. c3 Nf6 4. d4 exd4 5. e5 Ne4 6. Qe2 f5 7. exf6 d5 8. Nxd4
Nxd4 9. cxd4 Bb4+ 10. Bd2 Bxd2+ 11. Nxd2 O-O 12. Nxe4 Re8 13. O-O-O Rxe4 14.
Qh5 gxf6 15. f3 Re7 16. Bd3 Be6 17. Rhe1 Qd6 18. Re3 Rf8 19. Rde1 Rff7 20. Rxe6
Rxe6 21. Qg4+ Rg7 22. Qxe6+ Qxe6 23. Rxe6 Rxg2 24. Re2 Rg1+ 25. Kd2 h5 26. Ke3
Kf7 27. Kf4 Rd1 28. Ke3 Rg1 29. Bf5 h4 30. Be6+ Ke7 31. Bxd5 Ra1 32. a3 c6 33.
Kf2+ Kd7 34. Be6+ Kc7 35. Re1 1-0

[Event "Zilina Region-ch"]
[Site "Zilina"]
[Date "2013.05.18"]
[Round "3"]
[White "Pauco, Vladimir"]
[Black "Kubik, Jozef"]
[Result "1-0"]
[WhiteElo "1869"]
[BlackElo "1513"]
[PlyCount "41"]
[EventDate "2013.05.17"]
[EventType "swiss"]
[EventRounds "6"]
[EventCountry "SVK"]
[SourceTitle "CBM 154 Extra"]
[Source "ChessBase"]
[SourceDate "2013.06.25"]
[SourceVersion "2"]
[SourceVersionDate "2013.06.25"]
[SourceQuality "1"]

1. e4 e5 2. Nf3 Nc6 3. c3 Nf6 4. d4 exd4 5. e5 Nd5 6. cxd4 Bb4+ 7. Bd2 Bxd2+ 8.
Nbxd2 d6 9. Bc4 dxe5 10. dxe5 Bg4 11. O-O O-O 12. Qa4 Nb6 13. Bxf7+ Rxf7 14.
Qxg4 Re7 15. Rfe1 Nxe5 16. Rxe5 Rxe5 17. Nxe5 Qxd2 18. Qe6+ Kh8 19. Nf7+ Kg8
20. Nh6+ Kh8 21. Qg8+ 1-0

[Event "Hradec Kralove op"]
[Site "Hradec Kralove"]
[Date "2013.05.17"]
[Round "4"]
[White "Kosar, Matej"]
[Black "Liduch, Filip"]
[Result "0-1"]
[WhiteElo "1667"]
[BlackElo "1875"]
[PlyCount "24"]
[EventDate "2013.05.15"]
[EventType "swiss"]
[EventRounds "9"]
[EventCountry "CZE"]
[SourceTitle "CBM 154 Extra"]
[Source "ChessBase"]
[SourceDate "2013.06.25"]
[SourceVersion "2"]
[SourceVersionDate "2013.06.25"]
[SourceQuality "1"]

1. e4 e5 2. Nf3 Nc6 3. c3 Nf6 4. d4 exd4 5. e5 Nd5 6. cxd4 d6 7. Bc4 Nb6 8. Bb3
dxe5 9. Ng5 Bb4+ 10. Bd2 Qxg5 11. O-O Bxd2 12. Nxd2 Nxd4 0-1

[Event "Tambov Pavlyutin Memorial 3rd"]
[Site "Tambov"]
[Date "2013.05.16"]
[Round "4"]
[White "Seryogin, Peter V"]
[Black "Petrov, Alexander V"]
[Result "1-0"]
[WhiteElo "2256"]
[BlackElo "2130"]
[PlyCount "131"]
[EventDate "2013.05.15"]
[EventType "tourn"]
[EventRounds "9"]
[EventCountry "RUS"]
[SourceTitle "CBM 154 Extra"]
[Source "ChessBase"]
[SourceDate "2013.06.25"]
[SourceVersion "2"]
[SourceVersionDate "2013.06.25"]
[SourceQuality "1"]

1. e4 e5 2. Nf3 Nc6 3. c3 Nf6 4. d4 exd4 5. e5 Nd5 6. Qb3 Nb6 7. cxd4 d5 8. Bb5
Be7 9. O-O O-O 10. Bxc6 bxc6 11. Qc2 Bd7 12. Nbd2 f6 13. a4 a5 14. Nb3 Nc4 15.
Nfd2 Be6 16. exf6 Rxf6 17. Nxc4 dxc4 18. Nc5 Bd5 19. Ra3 Rg6 20. Rg3 Rxg3 21.
hxg3 Bf6 22. Rd1 Qc8 23. Bf4 Qg4 24. f3 Qc8 25. Qd2 Be7 26. Be5 Bd6 27. Re1 Qf8
28. Qg5 Qf7 29. Re2 Re8 30. Nb7 Be7 31. Qg4 Be6 32. Qxg7+ Qxg7 33. Bxg7 Bc8 34.
Bf6 Bxb7 35. Rxe7 Rxe7 36. Bxe7 c5 37. dxc5 Bc6 38. Bd8 Bxa4 39. Bxc7 Kf7 40.
Bxa5 Ke6 41. Bd2 Kd5 42. Be3 Kc6 43. Kf2 Kb5 44. Bd4 Kc6 45. g4 Kd5 46. Be3 Ke5
47. Kg3 Bd7 48. Kh4 Kf6 49. Bd4+ Kg6 50. f4 Kf7 51. Kg5 Bc6 52. g3 Bd5 53. f5
Bc6 54. Kf4 Ke7 55. Ke5 Bb7 56. g5 Bc6 57. g6 hxg6 58. fxg6 Be8 59. g7 Bf7 60.
c6 Bg8 61. Bc5+ Kd8 62. Kd6 Bh7 63. c7+ Kc8 64. Ke7 Kxc7 65. Kf8 Kc6 66. Bd4
1-0

[Event "Aalst op 15th"]
[Site "Aalst"]
[Date "2013.05.15"]
[Round "5"]
[White "Flamee, Dirk"]
[Black "Verlinden, Robijn"]
[Result "1/2-1/2"]
[WhiteElo "1798"]
[BlackElo "2047"]
[PlyCount "34"]
[EventDate "2013.04.17"]
[EventType "swiss"]
[EventRounds "9"]
[EventCountry "BEL"]
[SourceTitle "EXT 2014"]
[Source "ChessBase"]
[SourceDate "2013.11.20"]
[SourceVersion "1"]
[SourceVersionDate "2013.11.20"]
[SourceQuality "1"]

1. e4 e5 2. Nf3 Nc6 3. c3 d5 4. Qa4 Bd7 5. exd5 Nd4 6. Qd1 Nxf3+ 7. Qxf3 Nf6 8.
c4 Bc5 9. Be2 e4 10. Qc3 Qe7 11. O-O O-O-O 12. d4 exd3 13. Qxd3 Rhe8 14. Nc3
Qe5 15. Qg3 Bd4 16. Qxe5 Rxe5 17. Bf3 g5 1/2-1/2

[Event "FICGS__CHESS__RAPID_E__000104"]
[Site "FICGS"]
[Date "2013.05.14"]
[Round "1"]
[White "Melquiades, Jay"]
[Black "Cavaillé, Cédric"]
[Result "0-1"]
[WhiteElo "849"]
[BlackElo "982"]
[PlyCount "76"]
[EventDate "2013.??.??"]
[EventType "rapid"]

1. e4 e5 2. Nf3 Nc6 3. c3 Nf6 4. d3 Bc5 5. Be3 Bxe3 6. fxe3 Ng4 7. Qd2 Qe7 8.
Be2 d6 9. c4 a5 10. Nc3 O-O 11. Nd5 Qd8 12. h3 Nf6 13. d4 Nxe4 14. Qc2 Ng3 15.
Rg1 Qd7 16. Bd3 g6 17. O-O-O Qe6 18. Nxc7 Nb4 19. Qf2 Nxd3+ 20. Rxd3 Qxc4+ 21.
Rc3 Qxa2 22. Kc2 Ra7 23. Qxg3 Qa4+ 24. Kd3 Qb4 25. Nd5 Qb5+ 26. Rc4 Qxb2 27.
Nf6+ Kg7 28. Nh5+ Kh8 29. dxe5 Bf5+ 30. e4 Be6 31. Rc7 a4 32. Nf6 Kg7 33. Nh5+
Kh8 34. Rgc1 a3 35. Ng5 a2 36. exd6 a1=Q 37. Rxa1 Qxa1 38. Nf6 Ra3+ 0-1

[Event "KGZ-ch"]
[Site "Bishkek"]
[Date "2013.05.11"]
[Round "3"]
[White "Takyrbashev, Tilek"]
[Black "Isaev, Chingys"]
[Result "1-0"]
[WhiteElo "2123"]
[BlackElo "1832"]
[PlyCount "139"]
[EventDate "2013.05.09"]
[EventType "swiss"]
[EventRounds "11"]
[EventCountry "KGZ"]
[SourceTitle "CBM 154 Extra"]
[Source "ChessBase"]
[SourceDate "2013.06.25"]
[SourceVersion "2"]
[SourceVersionDate "2013.06.25"]
[SourceQuality "1"]

1. e4 e5 2. Nf3 Nc6 3. c3 Nf6 4. d4 exd4 5. e5 Nd5 6. Bb5 Be7 7. O-O O-O 8. Re1
Nb6 9. cxd4 a6 10. Bd3 d5 11. h3 Be6 12. Nc3 Qd7 13. Ne2 Rae8 14. a3 h6 15. Ng3
f5 16. Bc2 g5 17. Qd3 Bd8 18. Nh2 f4 19. Qg6+ Qg7 20. Ne2 Qxg6 21. Bxg6 Bf7 22.
Bd3 Kg7 23. Bd2 Bg6 24. Bxg6 Kxg6 25. b3 Be7 26. Rec1 Rc8 27. f3 Rfd8 28. Ng4
Rd7 29. Nf2 Bf8 30. Nd3 Rh7 31. a4 Nd8 32. a5 Nd7 33. b4 Ne6 34. b5 axb5 35. a6
b6 36. a7 Ra8 37. Rc6 Kf7 38. Nc3 Nxd4 39. Rxc7 Ke6 40. Rb1 Rf7 41. Nxb5 Nxb5
42. Rxb5 Bc5+ 43. Nxc5+ bxc5 44. Bc3 d4 45. Bxd4 cxd4 46. Rc6+ Ke7 47. e6 Rff8
48. Rb7 Rfd8 49. exd7 Rxd7 50. Rxd7+ Kxd7 51. Rxh6 Kc7 52. Rh7+ Kb6 53. Rd7
Rxa7 54. Rxd4 Ra1+ 55. Kh2 Kc5 56. Re4 Kd5 57. h4 Ra8 58. hxg5 Rh8+ 59. Kg1 Rh5
60. Rxf4 Rxg5 61. Re4 Rg7 62. Kf2 Ra7 63. g4 Ra2+ 64. Kg3 Ra1 65. g5 Rf1 66.
Re2 Kd6 67. Kg4 Rg1+ 68. Kf5 Rg3 69. f4 Kd7 70. Kf6 1-0

[Event "Odense Andersen op"]
[Site "Odense"]
[Date "2013.05.10"]
[Round "5"]
[White "Poulsen, Iver"]
[Black "Bjerke, Silje"]
[Result "1/2-1/2"]
[WhiteElo "2054"]
[BlackElo "2210"]
[PlyCount "24"]
[EventDate "2013.05.08"]
[EventType "swiss"]
[EventRounds "9"]
[EventCountry "DEN"]
[SourceTitle "CBM 154 Extra"]
[Source "ChessBase"]
[SourceDate "2013.06.25"]
[SourceVersion "2"]
[SourceVersionDate "2013.06.25"]
[SourceQuality "1"]

1. e4 e5 2. Nf3 Nc6 3. c3 d5 4. Qa4 f6 5. Bb5 Nge7 6. exd5 Qxd5 7. O-O e4 8.
Ne1 Bd7 9. d3 a6 10. Na3 Rc8 11. Bc4 Qh5 12. Qc2 Ne5 1/2-1/2

[Event "Wellington CC Autumn Cup-A"]
[Site "Wellington"]
[Date "2013.05.09"]
[Round "1"]
[White "Nijman, Brian"]
[Black "Stone, Andrew"]
[Result "1-0"]
[WhiteElo "2218"]
[BlackElo "2008"]
[PlyCount "53"]
[EventDate "2013.05.09"]
[EventType "tourn"]
[EventRounds "5"]
[EventCountry "NZL"]
[SourceTitle "OM OTB B 201907"]
[Source "Opening Master"]
[SourceDate "2019.07.06"]
[SourceVersion "2"]
[SourceVersionDate "2019.07.06"]
[SourceQuality "1"]

1. e4 e5 2. Nf3 Nc6 3. c3 Nf6 4. d4 exd4 5. e5 Ne4 6. Qe2 Nc5 7. cxd4 Na6 8. a3
Ne7 9. Nc3 d5 10. exd6 cxd6 11. Bf4 Nc7 12. Ne4 Kd7 13. Nxd6 Ng6 14. Ne5+ Nxe5
15. dxe5 Bxd6 16. O-O-O Qe7 17. Qd2 Ne6 18. Bb5+ Kd8 19. exd6 Qf6 20. Be3 Bd7
21. Qa5+ Ke8 22. Bxd7+ Kxd7 23. Qb5+ Kd8 24. d7 b6 25. Qd5 Nc7 26. Qd2 h5 27.
Bg5 1-0